| 000 | 00445nam a2200169 a 4500 | ||
|---|---|---|---|
| 001 | 23522 | ||
| 005 | 20180713221610.0 | ||
| 008 | 140415s1995 000 0 spa d | ||
| 020 | _a9681328302 | ||
| 041 | _aspa | ||
| 082 |
_a650.1 _bTAS |
||
| 100 | 1 | _aTASSINARI, HECTOR | |
| 245 | 1 | 0 | _aMULTINIVEL ELEMENTOS BASICOS PARA UN NEGOCIO DE EXITO |
| 260 |
_a[s.l.] : _bDIANA, _c1995 |
||
| 300 | _a147 | ||
| 650 | 1 | 4 |
_aNEGOCIOS _xEXITO |
| 999 |
_c23522 _d23522 |
||